<?xml version="1.0" encoding="UTF-8"?>
<collection xmlns="http://www.loc.gov/MARC21/slim">
 <record>
  <leader>00733cam a2200193 7i4500</leader>
  <controlfield tag="001">0000011313</controlfield>
  <controlfield tag="005">20140605090000.0</controlfield>
  <datafield tag="020" ind1="0" ind2="0">
   <subfield code="a">9839925717 (hbk. : v. 1) </subfield>
  </datafield>
  <datafield tag="020" ind1="0" ind2="0">
   <subfield code="a">9839925725 (pbk. : v. 1) </subfield>
  </datafield>
  <datafield tag="090" ind1="0" ind2="0">
   <subfield code="a">DS 597.38 </subfield>
   <subfield code="b">58</subfield>
  </datafield>
  <datafield tag="100" ind1="1" ind2="0">
   <subfield code="a">Ong, Kee Hui, </subfield>
   <subfield code="c">Tan Sri Datuk, </subfield>
   <subfield code="d">1914- </subfield>
  </datafield>
  <datafield tag="245" ind1="1" ind2="0">
   <subfield code="a">Footprints in Sarawak : </subfield>
   <subfield code="b">memoirs of Tan Sri Datuk (Dr) Ong Kee Hui.</subfield>
  </datafield>
  <datafield tag="260" ind1="0" ind2="0">
   <subfield code="a">Kuching, Sarawak: </subfield>
   <subfield code="b">Research &amp; Resource Centre, </subfield>
   <subfield code="c">1998-.</subfield>
  </datafield>
  <datafield tag="300" ind1="#" ind2="#">
   <subfield code="a">v. &lt;1   &gt;: </subfield>
   <subfield code="b">ill., map; </subfield>
   <subfield code="c">23 m..</subfield>
  </datafield>
  <datafield tag="590" ind1="#" ind2="#">
   <subfield code="a">Pusat Pendidikan Asas dan Liberal</subfield>
  </datafield>
  <datafield tag="650" ind1="0" ind2="0">
   <subfield code="a">Chinese -- </subfield>
   <subfield code="x">Biography -- </subfield>
   <subfield code="z">Malaysia -- </subfield>
   <subfield code="z">Sarawak </subfield>
  </datafield>
  <datafield tag="651" ind1="0" ind2="0">
   <subfield code="a">Sarawak -- </subfield>
   <subfield code="x">History </subfield>
  </datafield>
  <datafield tag="651" ind1="0" ind2="0">
   <subfield code="a">Sarawak United People's Party -- </subfield>
   <subfield code="x">History </subfield>
  </datafield>
  <datafield tag="999" ind1=" " ind2=" ">
   <subfield code="a">1000401990</subfield>
   <subfield code="b">Book</subfield>
   <subfield code="c">Open Shelf</subfield>
   <subfield code="e">KOLEKSI TERBUKA</subfield>
  </datafield>
 </record>
</collection>
